MotoGP Riders number - Statistiken

Allgemein
  • Dieses Quiz wurde 252 mal gespielt
  • Das Durchschnittsergebnis liegt bei 21 aus 24
Antwortstatistiken
Rider Number % Korrekt
Andrea Dovizioso 4
99%
Johan Zarco 5
96%
Marc Márquez 93
96%
Maverick Viñales 12
94%
Francesco Bagnaia 63
93%
Luca Marini 10
90%
Fabio Quartararo 20
90%
Pol Espargaro 44
89%
Brad Binder 33
88%
Jack Miller 43
88%
Aleix Espargaro 41
87%
Marco bezzecchi 72
87%
Alex Marquez 72
87%
Enea Bastianini 23
86%
Alex Rins 42
86%
Franco Morbidelli 21
85%
Joan Mir 36
85%
Miguel Oliveira 88
85%
Jorge Martin 89
84%
Takaaki Nakagami 30
79%
Fabio Di Giannantonio 49
79%
Raul Fernandez 25
78%
Darryn Binder 40
69%
Remy Gardner 87
69%
Keine übereinstimmenden Quizze gefunden
Verteilung der Resultate
Anzahl Personen mit jedem Resultat
Perzentil nach korrekt beantworteten Fragen
Ihre Resultats-Entwicklung
Sie haben dieses Quiz noch nicht gespielt